Statistiken für Europäische Länder mit keine Olympische Medaillen

Klicken Sie hier um das Quiz zu spielen!

Allgemein

  • Dieses Quiz wurde 186 mal gespielt
  • Das Durchschnittsergebnis liegt bei 4 aus 5

Antwortstatistiken

BevölkerungNOC% Korrekt
33,400San Marino
92%
76,965Andorra
91%
38,695Monaco
87%
2,873,000Albanien
49%
3,507,000Bosnien und Herzegowina
43%

Verteilung der Resultate

Perzentil nach korrekt beantworteten Fragen

Anzahl Personen mit jedem Resultat

Ihre Resultats-Entwicklung

Sie haben dieses Quiz noch nicht gespielt